[Event "Czechia KP-chTB 0607"]
[Site "Czech Republic"]
[Date "2006.10.29"]
[Round "1.8"]
[White "Vobornik, Borivoj"]
[Black "Vagenknecht, Josef"]
[Result "1-0"]
[WhiteElo "1764"]
[BlackElo "1773"]
[PlyCount "45"]
[EventDate "2006.10.29"]
[EventType "team"]
[EventRounds "11"]
[EventCountry "CZE"]
[SourceTitle "EXT 2008"]
[Source "ChessBase"]
[SourceDate "2007.11.25"]
[SourceVersion "1"]
[SourceVersionDate "2007.11.25"]
[SourceQuality "1"]
[WhiteTeam "Lysa nad Labem"]
[BlackTeam "Sendrazice"]
[WhiteTeamCountry "CZE"]
[BlackTeamCountry "CZE"]

1. c4 Nf6 2. Nc3 e6 3. e4 d5 4. e5 Nfd7 5. cxd5 Nxe5 6. d4 Ng6 7. dxe6 Bxe6 8. Bd3 c6 9. Nf3 Be7 10. 0-0 Qc7 11. Qc2 0-0 12. Re1 Qd8 13. Ne4 Bd5 14. Neg5 Nd7 15. Bf5 Bf6 16. h4 Bxf3 17. Nxf3 Nxh4 18. Nxh4 Bxh4 19. g3 Bf6 20. Bxh7+ Kh8 21. Kg2 Bg5 22. Rh1 Bxc1 23. Bg8+ 1-0

[Event "Podebrady"]
[Site "Podebrady"]
[Date "1994.??.??"]
[Round "?"]
[White "Vagenknecht, Josef"]
[Black "Dlouhy, Ondrej"]
[Result "0-1"]
[WhiteElo "1920"]
[BlackElo "1865"]
[PlyCount "86"]
[EventDate "1994.??.??"]
[EventType "tourn"]
[EventRounds "8"]
[EventCountry "CZE"]
[SourceTitle "EXT 1999"]
[Source "ChessBase"]
[SourceDate "1998.11.16"]
[SourceVersion "1"]
[SourceVersionDate "1998.11.16"]
[SourceQuality "1"]

1. e4 d5 2. d4 dxe4 3. Nc3 Nf6 4. f3 exf3 5. Nxf3 Bg4 6. Bf4 e6 7. Qd3 Bd6 8. Ne5 Bf5 9. Qb5+ Nbd7 10. Qxb7 Bxe5 11. Bxe5 0-0 12. Bxc7 Qe7 13. Be5 Ng4 14. Bf4 e5 15. dxe5 Rab8 16. Qf3 Ndxe5 17. Bxe5 Qxe5+ 18. Qe2 Qd4 19. Rd1 Qb4 20. Qf3 Ne3 21. Be2 Nxd1 22. Bxd1 Rfe8+ 23. Be2 Bg6 24. 0-0 Qb6+ 25. Kh1 Qe3 26. Qg4 Bxc2 27. Bc4 Bg6 28. h4 Qe5 29. Qf3 Qh5 30. Qg3 Rxb2 31. Nd5 Qe5 32. Nf4 Be4 33. Bxf7+ Kh8 34. Bxe8 Qxe8 35. Re1 Qc6 36. Re2 Qc1+ 37. Kh2 Rxe2 38. Nxe2 Qc8 39. Qf4 Bb7 40. Nd4 h6 41. Qf7 Qg4 42. Qf2 Bxg2 43. Qxg2 Qxh4+ 0-1

[Event "Podebrady"]
[Site "Podebrady"]
[Date "1994.??.??"]
[Round "?"]
[White "Vagenknecht, Josef"]
[Black "Kolar, Pavel"]
[Result "0-1"]
[WhiteElo "1920"]
[BlackElo "1900"]
[PlyCount "86"]
[EventDate "1994.??.??"]
[EventType "tourn"]
[EventRounds "8"]
[EventCountry "CZE"]
[SourceTitle "EXT 1999"]
[Source "ChessBase"]
[SourceDate "1998.11.16"]
[SourceVersion "1"]
[SourceVersionDate "1998.11.16"]
[SourceQuality "1"]

1. e4 e5 2. Nf3 Nf6 3. Nc3 Nc6 4. Bc4 Be7 5. d3 d6 6. h3 h6 7. a3 Be6 8. Nd5 Qd7 9. Be3 0-0 10. Qd2 b6 11. Nxe7+ Nxe7 12. Bxe6 Qxe6 13. g4 d5 14. g5 d4 15. gxf6 dxe3 16. Qxe3 Qxf6 17. 0-0-0 Ng6 18. Rdg1 c5 19. Rg4 Kh7 20. Rhg1 Rg8 21. h4 Rac8 22. Ng5+ Kh8 23. Nxf7+ Qxf7 24. Rxg6 Kh7 25. Qg3 Rce8 26. Qg4 Ref8 27. h5 Qf4+ 28. Qxf4 Rxf4 29. Re6 Rxf2 30. Rxe5 Rgf8 31. b4 cxb4 32. axb4 R8f7 33. Kb2 Rd2 34. Rd5 a6 35. Rd6 b5 36. Rxa6 Rff2 37. Kc3 Rxc2+ 38. Kd4 Rc7 39. Rb6 Rd7+ 40. Ke3 Rh2 41. Rxb5 Rh3+ 42. Kf4 Rf7+ 43. Ke5 Rxh5+ 0-1